Lôgic học đại cương

Trình bày những vấn đề cơ bản nhất của Lôgic học đại cương, khái niệm, phán đoán, các quy luật cơ bản của lôgic hình thức, suy luận quy nạp, chứng minh và bác bỏ, giả thuyết...

Salvato in:
Dettagli Bibliografici
Autore principale: Vương, Tất Đạt
Altri autori: Vương Tất Đạt
Lingua:Undetermined
Vietnamese
Pubblicazione: Hà Nội Đại học Quốc gia 2011
Soggetti:
Tags: Aggiungi Tag
Nessun Tag, puoi essere il primo ad aggiungerne! !
Thư viện lưu trữ: Trung tâm Học liệu Trường Đại học Trà Vinh
LEADER 00870nam a2200253Ia 4500
001 TVU_17021
008 210423s9999 xx 000 0 und d
020 |a 136428 
041 |a vie 
082 |a 160160 
082 |b L450H,L450H 
100 |a Vương, Tất Đạt 
245 0 |a Lôgic học đại cương 
245 0 |c Vương Tất Đạt 
260 |a Hà Nội 
260 |b Đại học Quốc gia 
260 |c 2011 
300 |a 180 tr. 
300 |b bảng, hình vẽ 
300 |c 21 cm 
520 |a Trình bày những vấn đề cơ bản nhất của Lôgic học đại cương, khái niệm, phán đoán, các quy luật cơ bản của lôgic hình thức, suy luận quy nạp, chứng minh và bác bỏ, giả thuyết... 
650 |a Lôgic học 
700 |a Vương Tất Đạt 
980 |a Trung tâm Học liệu Trường Đại học Trà Vinh